| 000 | 01673 a2200265 4500 | ||
|---|---|---|---|
| 001 | 3448 | ||
| 005 | 20260407155429.0 | ||
| 008 | 260407a2008 arg spa d | ||
| 003 | AR-UNSa-BCEJYS | ||
| 040 |
_aAR-UNSa-BCEJYS _bspa _cAR-UNSa-BCEJYS |
||
| 080 |
_a519.2 _xProbabilidades y estadística matemática |
||
| 245 | 1 | 0 | _aEstadística para administración y economía |
| 020 | _a978-84-8322-403-8 | ||
| 250 | _a6a. ed. | ||
| 264 | 1 |
_aMadrid : _bPearson Educación _c2008 |
|
| 300 | _axxii, 1063 p. | ||
| 505 | _a1. ¿Por qué estudiar estadística? - 2. Descripción gráfica de los datos - 3. Descripción numérica de los datos - 4. Probabilidad - 5. Variables aleatorias discretas y distribuciones de probabilidad - 6. Variables aleatorias continuas y distribuciones de probabilidad - 7. Muestreo y distribuciones en el muestreo - 8. Estimación: una población - 9. Estimación: otros temas - 10. Contraste de hipótesis - 11. Contraste de hipótesis II - 12. Regresión simple - 13. Regresión múltiple - 14. Otros temas de análisis de regresión - 15. Estadística no paramétrica - 16. Contrastes de la bondad del ajuste y tablas de contingencia - 17. Análisis de la varianza - 18. Introducción a la calidad - 19. Análisis de series temporales y predicción - 20. Otros temas relacionados con el muestreo - 21. Teoría estadística de la decisión | ||
| 942 | _cBK | ||
| 590 | _aniveau_biblio:m niveau_hierar:0 | ||
| 100 | 1 | _aNewbold, Paul | |
| 700 | 1 | _aCarlson, William L. | |
| 700 | 1 | _aRabasco, María Esther | |
| 700 | 1 | _aThorne, Betty M. | |
| 856 | 4 | 1 |
_uhttps://biblioeco.unsa.edu.ar/pmb/images/libros/L118328.jpg _yImagen de portada _qimage/jpeg |
| 999 |
_c335 _d335 |
||